00286nam a2200097Ia 4500008004100000082001800041100001600059245007300075260003100148300000900179210430s9999 xx 000 0 und d a342.45D5451 I aA. V. Dicey 3aAn Introduction to the study of the Law of constitutioncA. V. Dicey aIslamabadbQazi sonsc1959 a535p